Hauptstädte am Nächsten zu Wien - Eine Minute Sprint - Statistiken

Allgemein
  • Dieses Quiz wurde 88 mal gespielt
  • Das Durchschnittsergebnis liegt bei 13 aus 20
Antwortstatistiken
km Hauptstadt % Korrekt
524 Berlin
96%
684 Bern
94%
251 Prag
93%
215 Budapest
91%
56 Bratislava
89%
766 Rom
89%
268 Zagreb
83%
557 Warschau
80%
278 Ljubljana
79%
527 Vaduz
76%
490 Belgrad
61%
509 Sarajevo
53%
564 San Marino
47%
766 Vatikanstadt
46%
681 Podgorica
36%
820 Sofia
36%
813 Tirana
34%
722 Priština
30%
764 Luxemburg
27%
797 Skopje
26%
Keine übereinstimmenden Quizze gefunden
Verteilung der Resultate
Anzahl Personen mit jedem Resultat
Perzentil nach korrekt beantworteten Fragen
Ihre Resultats-Entwicklung
Sie haben dieses Quiz noch nicht gespielt